|
|
|
|
| LEADER |
00000cam a22000004a 4500 |
| 001 |
musev2_39792 |
| 003 |
MdBmJHUP |
| 005 |
20230905044156.0 |
| 006 |
m o d |
| 007 |
cr||||||||nn|n |
| 008 |
150127s2015 nbu o 00 0 eng d |
| 020 |
|
|
|a 9780803276666
|
| 020 |
|
|
|z 0803276664
|
| 020 |
|
|
|z 9780803254862
|
| 035 |
|
|
|a (OCoLC)907562793
|
| 040 |
|
|
|a MdBmJHUP
|c MdBmJHUP
|
| 100 |
1 |
|
|a Mijangos, Pablo,
|e author.
|
| 245 |
1 |
4 |
|a The Lawyer of the Church :
|b Bishop Clemente de Jesús Munguía and the Clerical Response to the Mexican Liberal Reforma /
|c Pablo Mijangos y González.
|
| 264 |
|
1 |
|a Lincoln :
|b University of Nebraska Press,
|c 2015.
|
| 264 |
|
3 |
|a Baltimore, Md. :
|b Project MUSE,
|c 2015
|
| 264 |
|
4 |
|c ©2015.
|
| 300 |
|
|
|a 1 online resource (400 pages).
|
| 336 |
|
|
|a text
|b txt
|2 rdacontent
|
| 337 |
|
|
|a computer
|b c
|2 rdamedia
|
| 338 |
|
|
|a online resource
|b cr
|2 rdacarrier
|
| 490 |
0 |
|
|a The Mexican experience
|
| 505 |
0 |
|
|a Born with the revolution: from los reyes to the lettered city -- Tempering passions: everyday life and curricular formation at the Morelia Seminary -- The grammar of civilization: language, rhetoric, and the shaping of public opinion -- The ways of legitimacy: constitutionalism and church-state relations in el derecho natural -- The defiant bishop: the Catholic Church confronts the liberal reforma -- Distant allies: conservatism and the twilight of the Catholic state.
|
| 520 |
|
|
|a Mexico's Reforma, the mid-nineteenth-century liberal revolution, decisively shaped the country by disestablishing the Catholic Church, secularizing public affairs, and laying the foundations of a truly national economy and culture. The Lawyer of the Church is an examination of the Mexican clergy's response to the Reforma through a study of the life and works of Bishop Clemente de Jesús Munguía (1810-68), one of the most influential yet least-known figures of the period. By analyzing how Munguía responded to changing political and intellectual scenarios in defense of the clergy's legal preroga.
|
| 588 |
|
|
|a Description based on print version record.
|
| 600 |
1 |
7 |
|a Munguía, Clemente de Jesús,
|d 1810-1868.
|2 fast
|0 (OCoLC)fst00225355
|
| 600 |
1 |
1 |
|a Munguía, Clemente de Jesús,
|d 1810-1868.
|
| 600 |
1 |
0 |
|a Munguía, Clemente de Jesús,
|d 1810-1868.
|
| 610 |
2 |
7 |
|a Catholic Church.
|2 fast
|0 (OCoLC)fst00531720
|
| 610 |
2 |
6 |
|a Église catholique
|x Histoire
|y 19e siecle.
|
| 610 |
2 |
0 |
|a Catholic Church
|z Mexico
|x History
|y 19th century.
|
| 650 |
|
7 |
|a Politics and government.
|2 fast
|0 (OCoLC)fst01919741
|
| 650 |
|
7 |
|a Church and state.
|2 fast
|0 (OCoLC)fst00860509
|
| 650 |
|
7 |
|a RELIGION
|x Christianity
|x Catholic.
|2 bisacsh
|
| 650 |
|
0 |
|a Church and state
|z Mexico
|x History
|y 19th century.
|
| 651 |
|
7 |
|a Mexico.
|2 fast
|0 (OCoLC)fst01211700
|
| 651 |
|
6 |
|a Mexique
|x Politique et gouvernement
|y 1821-1861.
|
| 651 |
|
0 |
|a Mexico
|x Politics and government
|y 1821-1861.
|
| 655 |
|
7 |
|a History.
|2 fast
|0 (OCoLC)fst01411628
|
| 655 |
|
0 |
|a Electronic book.
|
| 655 |
|
7 |
|a Electronic books.
|2 local
|
| 710 |
2 |
|
|a Project Muse.
|e distributor
|
| 830 |
|
0 |
|a Book collections on Project MUSE.
|
| 856 |
4 |
0 |
|z Texto completo
|u https://projectmuse.uam.elogim.com/book/39792/
|
| 945 |
|
|
|a Project MUSE - Custom Collection
|
| 945 |
|
|
|a Project MUSE - 2015 History
|
| 945 |
|
|
|a Project MUSE - 2015 Complete
|
| 945 |
|
|
|a Project MUSE - 2015 Latin American and Caribbean Studies
|